[Event "Gibraltar Challengers-B 8th"]
[Site "Caleta"]
[Date "2010.02.02"]
[Round "3"]
[White "Seitz, Benjamin"]
[Black "Indrebo, Kyrre"]
[Result "0-1"]
[WhiteElo "2017"]
[BlackElo "1730"]
[PlyCount "40"]
[EventDate "2010.01.31"]
[EventType "swiss"]
[EventRounds "5"]
[EventCountry "GGB"]
[SourceTitle "EXT 2011"]
[Source "ChessBase"]
[SourceDate "2010.11.26"]
[SourceVersion "1"]
[SourceVersionDate "2010.11.26"]
[SourceQuality "1"]

1. d4 Nf6 2. Nf3 c5 3. c3 g6 4. Bg5 Bg7 5. Nbd2 0-0 6. e3 d6 7. Be2 Nc6 8. dxc5 dxc5 9. Bxf6 exf6 10. 0-0 f5 11. Nc4 b5 12. Nd6 Qb6 13. Bxb5 Rd8 14. Bc4 Be6 15. Bxe6 fxe6 16. Ng5 Ne5 17. Qb3 Rxd6 18. Rfd1 Rad8 19. Qa4 h6 20. Nh3 Nd3 0-1

[Event "Gibraltar Challengers-B 8th"]
[Site "Caleta"]
[Date "2010.01.31"]
[Round "1"]
[White "Skage, Oystein Aagedal"]
[Black "Indrebo, Kyrre"]
[Result "0-1"]
[WhiteElo "1935"]
[BlackElo "1730"]
[PlyCount "95"]
[EventDate "2010.01.31"]
[EventType "swiss"]
[EventRounds "5"]
[EventCountry "GGB"]
[SourceTitle "EXT 2011"]
[Source "ChessBase"]
[SourceDate "2010.11.26"]
[SourceVersion "1"]
[SourceVersionDate "2010.11.26"]
[SourceQuality "1"]

1. e4 c5 2. Nf3 d6 3. d4 cxd4 4. Nxd4 Nf6 5. Nc3 Nc6 6. Bg5 e6 7. Qd2 a6 8. 0-0-0 Bd7 9. f4 b5 10. Bxf6 gxf6 11. f5 Nxd4 12. Qxd4 Bh6+ 13. Kb1 Bf4 14. g3 Be5 15. Qe3 h5 16. Bd3 Qc7 17. Ne2 a5 18. Nf4 a4 19. fxe6 fxe6 20. Ng6 a3 21. Nxe5 dxe5 22. b3 Qc3 23. Qc1 Bc6 24. Rhe1 Ke7 25. Re3 Qc5 26. Qd2 Rad8 27. Rde1 Rd7 28. c3 Rhd8 29. Qc2 Rd6 30. b4 Qa7 31. Qe2 Be8 32. Qf3 Qd7 33. Rf1 f5 34. Bc2 Rd2 35. Re2 Rxe2 36. Qxe2 Qd2 37. Qf3 Qxh2 38. exf5 Rd2 39. Rc1 Bf7 40. Qb7+ Kf8 41. fxe6 Bg6 42. Qf3+ Kg7 43. e7 Rxc2 44. e8N+ Bxe8 45. Rxc2 Bg6 46. Qd1 Bxc2+ 47. Qxc2 Qxg3 48. Qf5 0-1

[Event "NOR-chB op"]
[Site "Oslo"]
[Date "2006.04.15"]
[Round "7"]
[White "Indrebo, Kyrre"]
[Black "Tjoelsen, Katrine"]
[Result "1-0"]
[WhiteElo "1625"]
[BlackElo "1727"]
[PlyCount "36"]
[EventDate "2006.04.12"]
[EventType "swiss"]
[EventRounds "9"]
[EventCountry "NOR"]
[SourceTitle "CBM 111 Extra"]
[Source "ChessBase"]
[SourceDate "2006.05.09"]
[SourceVersion "1"]
[SourceVersionDate "2006.05.09"]
[SourceQuality "1"]

1. e4 e6 2. d4 d5 3. Nc3 h6 4. Be3 dxe4 5. Nxe4 Nf6 6. Nxf6+ Qxf6 7. g3 Nd7 8. Bg2 Bd6 9. Nf3 0-0 10. 0-0 e5 11. c3 Qe7 12. Qb3 c6 13. a4 Kh8 14. Rae1 e4 15. Nd2 f5 16. f3 g5 17. fxe4 f4 18. e5 fxe3 1-0

[Event "NOR-chB op"]
[Site "Oslo"]
[Date "2006.04.14"]
[Round "4"]
[White "Indrebo, Kyrre"]
[Black "Egeland, Finn"]
[Result "1-0"]
[WhiteElo "1625"]
[BlackElo "1855"]
[PlyCount "41"]
[EventDate "2006.04.12"]
[EventType "swiss"]
[EventRounds "9"]
[EventCountry "NOR"]
[SourceTitle "CBM 111 Extra"]
[Source "ChessBase"]
[SourceDate "2006.05.09"]
[SourceVersion "1"]
[SourceVersionDate "2006.05.09"]
[SourceQuality "1"]

1. e4 e5 2. Nf3 Nc6 3. d4 exd4 4. Nxd4 Nf6 5. Nxc6 bxc6 6. e5 Qe7 7. Qe2 Nd5 8. c4 Nb6 9. Nc3 Ba6 10. b3 0-0-0 11. Bb2 Qg5 12. h4 Qh6 13. Qe3 Qxe3+ 14. fxe3 Bb7 15. Kf2 Be7 16. Bd3 f6 17. Ne2 d5 18. exd6 Bxd6 19. Bf5+ Kb8 20. h5 h6 21. Rad1 1-0

[Event "Oslo op2"]
[Site "Oslo"]
[Date "2005.03.29"]
[Round "5"]
[White "Kofoed, Leif Morten"]
[Black "Indrebo, Kyrre"]
[Result "0-1"]
[WhiteElo "1470"]
[BlackElo "1554"]
[PlyCount "44"]
[EventDate "2005.02.15"]
[EventType "swiss"]
[EventRounds "9"]
[EventCountry "NOR"]
[SourceTitle "EXT 2007"]
[Source "ChessBase"]
[SourceDate "2006.11.23"]
[SourceVersion "1"]
[SourceVersionDate "2006.11.23"]
[SourceQuality "1"]

1. e4 e6 2. d4 d5 3. exd5 exd5 4. Nf3 Bg4 5. h3 Bh5 6. Qe2+ Ne7 7. Qb5+ Nbc6 8. Ne5 f6 9. Nxc6 Nxc6 10. Be3 Qd7 11. a3 0-0-0 12. Nc3 f5 13. Be2 Bxe2 14. Nxe2 Be7 15. 0-0-0 g5 16. f4 h6 17. Rhe1 Kb8 18. Nc3 Rhg8 19. g3 a6 20. Qd3 g4 21. h4 Na5 22. Re2 Nc4 0-1

[Event "Oslo op3b"]
[Site "Oslo"]
[Date "2005.03.27"]
[Round "8"]
[White "Indrebo, Kyrre"]
[Black "Theting, Helge E"]
[Result "1-0"]
[WhiteElo "1554"]
[BlackElo "1811"]
[PlyCount "55"]
[EventDate "2005.03.23"]
[EventType "swiss"]
[EventRounds "9"]
[EventCountry "NOR"]
[SourceTitle "EXT 2007"]
[Source "ChessBase"]
[SourceDate "2006.11.23"]
[SourceVersion "1"]
[SourceVersionDate "2006.11.23"]
[SourceQuality "1"]

1. c4 g6 2. g3 Bg7 3. Bg2 c5 4. Nc3 Nc6 5. a3 a5 6. e3 d6 7. Nge2 e5 8. d3 Nge7 9. 0-0 h5 10. d4 exd4 11. exd4 Nxd4 12. Nxd4 cxd4 13. Nb5 Nc6 14. Re1+ Be6 15. Bd5 Qd7 16. Bxe6 fxe6 17. Rxe6+ Kf7 18. Rxd6 Qe7 19. Qf3+ Kg8 20. Rxg6 Qe1+ 21. Kg2 Rf8 22. Qd5+ Rf7 23. Rxg7+ Kxg7 24. Bh6+ Rxh6 25. Rxe1 Rhf6 26. f4 Rf5 27. Qe4 R5f6 28. Nxd4 1-0

[Event "Oslo op3b"]
[Site "Oslo"]
[Date "2005.03.26"]
[Round "7"]
[White "Indrebo, Kyrre"]
[Black "Nurmi, Timo"]
[Result "0-1"]
[WhiteElo "1554"]
[BlackElo "1688"]
[PlyCount "92"]
[EventDate "2005.03.23"]
[EventType "swiss"]
[EventRounds "9"]
[EventCountry "NOR"]
[SourceTitle "EXT 2007"]
[Source "ChessBase"]
[SourceDate "2006.11.23"]
[SourceVersion "1"]
[SourceVersionDate "2006.11.23"]
[SourceQuality "1"]

1. c4 e6 2. g3 f5 3. Bg2 Nf6 4. Nf3 d5 5. 0-0 Bd6 6. Nc3 c6 7. d3 d4 8. Nxd4 Bxg3 9. hxg3 Qxd4 10. Bf4 e5 11. e3 Qd6 12. Bg5 h6 13. Bxf6 Qxf6 14. d4 e4 15. Rc1 h5 16. f4 Qg6 17. Kf2 h4 18. gxh4 Rxh4 19. Rh1 Qh6 20. Ke2 Be6 21. b3 Bf7 22. Rxh4 Qxh4 23. Qh1 Bh5+ 24. Kf1 Qxh1+ 25. Bxh1 Nd7 26. Bg2 Kf7 27. Kf2 Nf6 28. Bh3 Bg4 29. Kg3 Rh8 30. Bxg4 fxg4 31. Rg1 Rh3+ 32. Kf2 Rf3+ 33. Ke2 Ke6 34. b4 Kf5 35. a4 Rh3 36. Kf2 g3+ 37. Kg2 Kg4 38. Ne2 Rh2+ 39. Kf1 Nh5 40. d5 Kf3 41. Nd4+ Kxe3 42. Nxc6 bxc6 43. dxc6 Rf2+ 44. Ke1 Rc2 45. Kd1 Rxc4 46. b5 Kf2 0-1

[Event "Oslo op3b"]
[Site "Oslo"]
[Date "2005.03.26"]
[Round "6"]
[White "Omtvedt, Per"]
[Black "Indrebo, Kyrre"]
[Result "1/2-1/2"]
[WhiteElo "1994"]
[BlackElo "1554"]
[PlyCount "70"]
[EventDate "2005.03.23"]
[EventType "swiss"]
[EventRounds "9"]
[EventCountry "NOR"]
[SourceTitle "EXT 2007"]
[Source "ChessBase"]
[SourceDate "2006.11.23"]
[SourceVersion "1"]
[SourceVersionDate "2006.11.23"]
[SourceQuality "1"]

1. e4 e6 2. d4 d5 3. Nd2 Be7 4. Ngf3 Nf6 5. Bd3 c5 6. exd5 Qxd5 7. dxc5 Nbd7 8. Nb3 Nxc5 9. Nxc5 Bxc5 10. Qe2 Bd7 11. 0-0 Bc6 12. c4 Qh5 13. Ne5 Qxe2 14. Bxe2 Be4 15. Be3 Bxe3 16. fxe3 Ke7 17. Bf3 Bxf3 18. gxf3 Rhd8 19. Rfd1 Rac8 20. b3 Nd7 21. Nxd7 Rxd7 22. Rxd7+ Kxd7 23. Kf2 Ke7 24. a4 Rd8 25. Ke2 g5 26. e4 f5 27. Rg1 Kf6 28. e5+ Kxe5 29. Rxg5 Kf6 30. Rg1 e5 31. Rc1 Rg8 32. Kf2 Rd8 33. Ke2 Rg8 34. Kf2 Rd8 35. Ke2 Rg8 1/2-1/2